South Eastern Kenya University

Library Online Public Access Catalogue


Human impacts on weather and climate / (Record no. 2044)

MARC details
000 -LEADER
fixed length control field 00564nam a22001697a 4500
020 ## - INTERNATIONAL STANDARD BOOK NUMBER
International Standard Book Number 9780521600569
050 ## - LIBRARY OF CONGRESS CALL NUMBER
Classification number QC981
Item number .C68 2007
100 ## - MAIN ENTRY--PERSONAL NAME
Personal name Cotton, R. William
245 ## - TITLE STATEMENT
Title Human impacts on weather and climate.
Statement of responsibility, etc. William R. Cotton and Sr. Roger A.Pielke
250 ## - EDITION STATEMENT
Edition statement 2nd ed.
260 ## - PUBLICATION, DISTRIBUTION, ETC. (IMPRINT)
Place of publication, distribution, etc. Cambridge :
Name of publisher, distributor, etc. Cambridge university press,
Date of publication, distribution, etc. 2007.
300 ## - PHYSICAL DESCRIPTION
Extent ix, 308p.:
500 ## - GENERAL NOTE
General note includes table of contents, references and index.
650 ## - SUBJECT ADDED ENTRY--TOPICAL TERM
Form subdivision 1. Climatology--Social aspects 2. Nature--Effects of humans.
700 ## - ADDED ENTRY--PERSONAL NAME
Personal name Sr. Pielkens, A. Roger
942 ## - ADDED ENTRY ELEMENTS (KOHA)
Koha item type General circulation
Holdings
Withdrawn status Lost status Source of classification or shelving scheme Damaged status Not for loan Home library Current library Date acquired Cost, normal purchase price Total Checkouts Full call number Barcode Date last seen Date last checked out Copy number Cost, replacement price Koha item type Public note Price effective from
    Library of Congress Classification     Main Campus Library Main Campus Library 27/08/2014 6090.00 1 QC981 .C68 2007 2015/008848 03/09/2020 03/09/2020 C1 6400.00 General circulation cm  
    Library of Congress Classification     Main Campus Library Main Campus Library 27/08/2014 6090.00   QC981 .C68 2007 2019/022512 27/08/2014   C2 6400.00 General circulation cm 27/08/2014
    Library of Congress Classification     Main Campus Library Main Campus Library 27/08/2014 6090.00   QC981 .C68 2007 2015/008859 27/08/2014   C3 6400.00 General circulation cm  
Kitui, Kenya.
+254736116989
library@seku.ac.ke